La sessualità nell'uomo e nei mammiferi /
Saved in:
| Main Authors: | , |
|---|---|
| Other Authors: | |
| Format: | Book |
| Language: | Italian English |
| Published: |
Roma :
Ed. Astrolabio,
1951
|
| Subjects: | |
| Tags: |
No Tags, Be the first to tag this record!
|
MARC
| LEADER | 00000nam a22000007i 4500 | ||
|---|---|---|---|
| 001 | IT\ICCU\CUB\0282489 | ||
| 003 | ItRI | ||
| 005 | 20250814232037.0 | ||
| 008 | 971127s1951 it |||||| ||||| |||||c | ||
| 015 | |2 IT |a 1951 9264 | ||
| 024 | 7 | 0 | |a 241594 |2 cubi |
| 040 | |b ita |c ct | ||
| 041 | 7 | |a ita |2 ISO-639-2 |h eng | |
| 100 | 1 | |a Ford, Clellan Stearns |0 IT\ICCU\CFIV\176604 |4 aut | |
| 240 | 1 | 0 | |a Patterns of sexual behavior. |9 Ford, Clellan Stearns |
| 245 | 1 | 3 | |a La sessualità nell'uomo e nei mammiferi / |c Clellan S. Ford, Frank A. Beach ; traduzione italiana [dall'inglese] di Giorgio Jannuzzi. |
| 260 | |a Roma : |b Ed. Astrolabio, |c 1951 |e (Firenze, Tip. G. Ciulli) | ||
| 300 | |a 332. p. ; |c 21 cm. | ||
| 650 | 7 | |a Sesso | |
| 650 | 7 | |a Mammiferi |x Comportamento sessuale |2 scbi | |
| 700 | 1 | |a Beach, Frank Ambrose |0 IT\ICCU\CFIV\176605 |4 aut | |
| 700 | 1 | |a Jannuzzi, Giorgio |0 IT\ICCU\CUBV\073119 | |
| 942 | |2 ddc |c BK | ||
| 952 | |0 0 |1 0 |2 ddc |4 0 |6 B_SSA03FORCESES11 |7 1 |9 8482 |a MI |b MI |d 2005-12-30 |i 1435 |l 0 |o B-SSA03-FORCE-SES11 |p CDOM1435 |r 2025-07-17 21:50:28 |w 2025-07-17 |x ACQUISTO |y BK | ||
| 981 | 1 | |6 z01 |a i |b xxxe | |
| 982 | 1 | |6 z01 |a n | |
| 999 | |c 7066 |d 7066 | ||